000 00633nam a2200217 4500
005 20251201073535.0
020 _a9781841137384
_cTZS.77,870 /=
040 _aMCCL
_beng.
_eAACR 2nd rev.ed.
082 _a342.73 TUS
100 _aTushnet,Mark
245 _aThe constitution of the United States of America:
_ba contextual analysis
_c/ Mark,Tushnet
260 _aWorcester :
_bOXFORD and PORTLAND,OREGON.;
_cc 2009.
300 _axiii, 296 p.:
_c21 cm.
504 _aIncludes index.
546 _aeng.
650 _aConstitution
650 _aFederalism
650 _aIndividual rights
700 _aTushnet,Mark
942 _cBK
999 _c11863
_d11863